Музика (Запис номер 47861)
[ съкратено ]
| 000 -Лидер | |
|---|---|
| Контролно поле с фиксирана дължина | nam a22 a 4500 |
| 003 - Код на организацията, давaща контролен номер | |
| Контролно поле | BLK |
| 005 - Дата и час на последна редакция | |
| Контролно поле | 20230427113207.0 |
| 008 - Елементи от данни с фиксирана дължина | |
| fixed length control field | 180408b bul|||||r ||||||| ||bul|| |
| 010 ## - Наследен системен номер | |
| LC control number | KNG00051676000 |
| 020 ## - Международен стандартен номер на книга ISBN | |
| Международен стандартен номер на книга ISBN | 954-01-0384-3 |
| 040 ## - Източник на каталожния запис | |
| Идентификатор на билиотеката - собственик на записа | BLK |
| 041 ## - Код за език | |
| Код за езика на текст/звукозапис или на отделно заглавие | Български |
| Код за езика КДБФ | Български |
| 080 ## - УДК | |
| Текстов определител УДК | Методика по музика. Музика - учебни предмети |
| УДК код - определител по УДК | 372.878 |
| УДК - код + определител | 372.878 |
| 100 1# - Редна дума - Автор | |
| Автор | Минчева, Пенка Пенчева |
| Авторска отговорност | първи автор |
| R(LIN) | 243796 |
| 139 ## - Редно поле | |
| Редна дума | Минчева, Пенка Пенчева и др. |
| Авторски знак | Минч - М 67 |
| 245 10 - Сведения за заглавието | |
| Заглавие | Музика |
| Подзаглавни данни | За IV кл. : Кн. за учителя |
| Редно поле (дума) | Пенка Пенчева Минчева; съавт. Петя Иванова Пехливанова; съавт. Тодорка Христова Кушева; ред. Лидия Начева; худож. на кор. Красимира Коцева. |
| 257 ## - Страна на издаване | |
| Страна на създаване/издаване | България |
| 260 ## - Област на издателските данни | |
| Място на издаване, разпространение и проч. | София |
| Име на издателя, разпространителя и проч. | Просвета |
| Година на издаване | 1993 |
| Печатница | Русе : Дунав прес ООД |
| 300 ## - Физическа характеристика | |
| Страници | 80 с. |
| Илюстрации и др. | с ноти |
| Размери/Мащаб | 20 см |
| 380 ## - Жанр | |
| Жанр | Обществени науки |
| 500 ## - Общи забележки | |
| Забележка | Авт. не са отбелязани на кор.- Библиогр. с. 146-147. |
| 650 #4 - Допълнително описание по предмет – тема | |
| Основно описание – тема или топоним | Музика - методика на преподаването - за основни училища |
| 9 (RLIN) | 244269 |
| 653 ## - Ключова дума – ненормативна | |
| Ключова дума | музика |
| 653 ## - Ключова дума – ненормативна | |
| Ключова дума | методика на преподаването |
| 653 ## - Ключова дума – ненормативна | |
| Ключова дума | ІV кл. |
| 700 1# - Други автори (авторска отговорност) | |
| Лично име | Пехливанова, Петя Иванова |
| Автороска отговорност (Описва отношението между автора и произведението) | съавт. |
| 9 (RLIN) | 251610 |
| 700 1# - Други автори (авторска отговорност) | |
| Лично име | Кушева, Тодорка Христова |
| Автороска отговорност (Описва отношението между автора и произведението) | съавт. |
| 9 (RLIN) | 251611 |
| 700 1# - Други автори (авторска отговорност) | |
| Лично име | Начева, Лидия |
| Автороска отговорност (Описва отношението между автора и произведението) | ред. |
| 9 (RLIN) | 281674 |
| 700 1# - Други автори (авторска отговорност) | |
| Лично име | Коцева, Красимира |
| Автороска отговорност (Описва отношението между автора и произведението) | худож. на кор. |
| 9 (RLIN) | 281675 |
| 852 ## - Местоположение | |
| Форматна сигнатура | Цб 173998 |
| Фондова буква | Хранилище |
| 856 4# - Електронен адрес и достъп | |
| Електронен формат | pdf - файл |
| Инструкция (цена за достъп) | 0.00 |
| Права за достъп | disable |
| 856 4# - Електронен адрес и достъп | |
| Електронен формат | pdf - файл |
| Инструкция (цена за достъп) | 0.00 |
| Права за достъп | disable |
| 999 ## - СИСТЕМНИ КОНТРОЛНИ НОМЕРА | |
| Koha biblionumber | 47861 |
| Koha biblioitemnumber | 47861 |
| 942 ## - АРТИКУЛИ | |
| Вид на библиотечния материал | Книги |
| Скрит в OPAC | Не |
| Периодичен библиозапис | Да |
| 944 ## - СЪЗДАВАНЕ И РЕДАКЦИЯ на ЗАПИСА | |
| Създаване/Редакция | Създаване |
| Дата на регистрацията/редакция | 18.01.2017 |
| Служител, извършил регистрацията/редакцията | Севдалина_Василева |
| 944 ## - СЪЗДАВАНЕ И РЕДАКЦИЯ на ЗАПИСА | |
| Създаване/Редакция | Редакция |
| Дата на регистрацията/редакция | 18.01.2017 |
| Служител, извършил регистрацията/редакцията | Севдалина_Василева |
| 999 ## - СИСТЕМНИ КОНТРОЛНИ НОМЕРА | |
| Koha biblioitemnumber | 47861 |
| Код за отписване | Код за изгубен артикул | Източник на класификационната схема | Код за повреда | Коз за рестрикции | Код за отдаване | Артикулен № | Име на библиотеката - собственик | Име на библиотеката, в която се намира в момента | Статус (Текущо местоположение) | Дата на вписване в системата | Местоположение - отдел | Цена в лева | Инвентарен номер | Систематично азбучна сигнатура | Баркод | Номер на екземпляра | Цена в евро | Служебна бележка | Служебен тип на артикула |
|---|---|---|---|---|---|---|---|---|---|---|---|---|---|---|---|---|---|---|---|
| Не е изгубен | Universal Decimal Classification | Не е повреден | без рестрикции | ползва се в читалня | 75189 | Регионална библиотека "Любен Каравелов" Русе | Регионална библиотека "Любен Каравелов" Русе | Хранилище | 1993-01-01 | Хранилище | 0.34 | 582011 | Цб 173998 | 120000582011 | 1 | 0.17 | Дост: Dp Вид: Д N: стар фонд Дата: 01.01.1993 | Книги |